Least Peaceful Countries Outside of Africa - Statistics

General Stats
  • This quiz has been taken 113 times
    17 since last reset
  • The average score is 16 of 20
Answer Stats
Rank (score) Country % Correct
163 (3.441) Russia
100%
157 (3.184) Syria
100%
142 (2.750) Iran
94%
144 (2.862) Iraq
94%
162 (3.434) Ukraine
94%
139 (2.692) Venezuela
94%
158 (3.229) Afghanistan
88%
140 (2.695) Colombia
88%
136 (2.674) Lebanon
88%
149 (2.911) North Korea
88%
144 (2.797) Pakistan
88%
159 (3.262) Yemen
88%
155 (3.108) Israel
81%
135 (2.636) Mexico
81%
153 (3.045) Myanmar
75%
130 (2.472) Brazil
63%
141 (2.731) Haiti
63%
128 (2.459) Ecuador
44%
146 (2.852) Turkey
38%
*145 (2.811)* Palestine
13%
No matching quizzes found
Score Distribution
Percent of People with Each Score
Percentile by Number Answered
Your Score History
You have not taken this quiz since the last reset